BIOCHEMISTRY (Record no. 1638)

MARC details
000 -LEADER
fixed length control field 00325nam a2200157Ia 4500
003 - CONTROL NUMBER IDENTIFIER
control field SGT
082 ## - DEWEY DECIMAL CLASSIFICATION NUMBER
Classification number 612.015
Item number B13S
100 ## - MAIN ENTRY--PERSONAL NAME
Personal name SATAYANARAYANA, U.
245 ## - TITLE STATEMENT
Title BIOCHEMISTRY
250 ## - EDITION STATEMENT
Edition statement 4TH
260 ## - PUBLICATION, DISTRIBUTION, ETC. (IMPRINT)
Name of publisher, distributor, etc ELSEVIER
Place of publication, distribution, etc INDIA
Year of Publication 2013
300 ## - PAGE DESCRIPTION
No. of Pages 1-799
650 ## - SUBJECT ADDED ENTRY--TOPICAL TERM
Topical term or geographic name as entry element BIOCHEMISTRY
942 ## - ADDED ENTRY ELEMENTS (KOHA)
Source of classification or shelving scheme Dewey Decimal Classification
Koha item type Books
Holdings
Withdrawn status Lost status Source of classification or shelving scheme Damaged status Not for loan Collection code Home library Current library Shelving location Date acquired Vendor Name Cost, normal purchase price SGTU Bill Number Total Checkouts Total Renewals Full call number Accession No. (Barcode) Checked out Date last seen Date last borrowed Bill Date Koha item type
    Dewey Decimal Classification     MEDICAL SGT Medical Library SGT Medical Library Text Book 23/01/2014 ABC DELHI 695.00 SGTU 4209 125 1 612.015 B13S FM5741 18/06/2026 04/06/2026 04/06/2026 11/02/2014 Books
    Dewey Decimal Classification     MEDICAL SGT Medical Library SGT Medical Library Text Book 23/01/2014 ABC DELHI 695.00 SGTU 4209 98   612.015 B13S FM5742   01/04/2025 17/03/2025 11/02/2014 Books
    Dewey Decimal Classification     MEDICAL SGT Medical Library SGT Medical Library Text Book 23/01/2014 ABC DELHI 695.00 SGTU 4209     612.015 B13S FM5743   09/02/2015   11/02/2014 Books
    Dewey Decimal Classification     MEDICAL SGT Medical Library SGT Medical Library Text Book 23/01/2014 ABC DELHI 695.00 SGTU 4209 106   612.015 B13S FM5744   06/04/2026 19/03/2026 11/02/2014 Books
    Dewey Decimal Classification     MEDICAL SGT Medical Library SGT Medical Library Text Book 23/01/2014 ABC DELHI 695.00 SGTU 4209 1   612.015 B13S FM5745   29/09/2018 29/09/2018 11/02/2014 Books
    Dewey Decimal Classification     MEDICAL SGT Medical Library SGT Medical Library Text Book 23/01/2017 ABC 1175.00 SGTU 7551 55 4 612.015 B13S FM8386   23/09/2025 11/09/2025 23/12/2016 Books
  Long Overdue (Lost) Dewey Decimal Classification     MEDICAL SGT Medical Library SGT Medical Library Text Book 23/01/2017 ABC 1175.00 SGTU 7551 62   612.015 B13S FM8387 13/04/2023 30/03/2023 30/03/2023 23/12/2016 Books
    Dewey Decimal Classification     MEDICAL SGT Medical Library SGT Medical Library Text Book 23/01/2017 ABC 1175.00 SGTU 7551 87 1 612.015 B13S FM8388   21/05/2025 21/05/2025 23/12/2016 Books
    Dewey Decimal Classification     MEDICAL SGT Medical Library SGT Medical Library Text Book 23/01/2017 ABC 1175.00 SGTU 7551 100   612.015 B13S FM8389   22/12/2025 08/12/2025 23/12/2016 Books
    Dewey Decimal Classification     MEDICAL SGT Medical Library SGT Medical Library Text Book 23/01/2017 ABC 1175.00 SGTU 7551 119 2 612.015 B13S FM8390   28/04/2026 17/04/2026 23/12/2016 Books